Plasma PGFM and progesterone concentrations, luteolysis moment and estrous cycle length in Nelore cows submitted to uterine biopsies (Registro n. 329234)
[ somente texto ]
| 000 -LÍDER | |
|---|---|
| fixed length control field | 04433nab a2200337 i 4500 |
| 003 - CÓDIGO MARC DA AGÊNCIA CATALOGADORA | |
| Campo de controle | BR-BrBNA |
| 005 - DATA E HORA DA ÚLTIMA ATUALIZAÇÃO | |
| Campo de controle | 20241213135926.0 |
| 008 - CAMPO DE TAMANHO FIXO | |
| fixed length control field | 241213b2015 bl.|r|pooa||| 00| 0 eng | |
| 040 ## - FONTE DA CATALOGAÇÃO | |
| Agência catalogadora | BR-BrBNA |
| Idioma da catalogação | eng |
| 072 ## - CATEGORIA AGRIS | |
| Código AGRIS | L53 |
| Código do objeto | 5213 |
| 100 ## - ENTRADA PRINCIPAL - NOME PESSOAL | |
| Nome pessoal | Martin, I. |
| 100 ## - ENTRADA PRINCIPAL - NOME PESSOAL | |
| Nome pessoal | Membrive, C.M.B. |
| 100 ## - ENTRADA PRINCIPAL - NOME PESSOAL | |
| Nome pessoal | Vettorato, L.F. |
| 100 ## - ENTRADA PRINCIPAL - NOME PESSOAL | |
| Nome pessoal | Binelli, M. |
| 100 ## - ENTRADA PRINCIPAL - NOME PESSOAL | |
| Nome pessoal | Oba, E. |
| 100 ## - ENTRADA PRINCIPAL - NOME PESSOAL | |
| Nome pessoal | Ferreira, J.C.P. |
| 245 ## - TÍTULO PRINCIPAL | |
| Título principal | Plasma PGFM and progesterone concentrations, luteolysis moment and estrous cycle length in Nelore cows submitted to uterine biopsies |
| 500 ## - NOTA GERAL | |
| Nota geral | Publicação online; 28 ref.; Summaries (En, Pt) |
| 942 ## - ADDED ENTRY ELEMENTS (KOHA) | |
| Koha item type | Analítica |
| 520 ## - NOTA DE RESUMO | |
| Nota de conteúdo | <br/><br/><br/>ABSTRACT - In this study, endometrial samples were collected in 14 Nelore cows on days zero (ovulation), five, nine, thirteen and nineteen of the estrous cycle (biopsy group), and in 15 females these collections weren’t performed (control group). Biopsies were done on the uterine horn endometrium contralateral to the ovary with corpus luteum. Blood samples were taken at -24, -16, -8, 0 +8, +16 and +24 hours in relation to progesterone drop (<1ng/mL, zero moment) and evaluated for 13, 14-dihydro-15-keto prostaglandin F2-alpha (PGFM) by radioimmunoassay (RIA). Plasma progesterone concentration was determined by RIA every 24 hours. Data were analyzed by ANOVA using the PROC GLM and MIXED of the SAS. The mean value for PGFM during the entire period evaluated was greater in the biopsy group. The mean concentration of PGFM at moment zero was not different between the groups; the mean concentration of PGFM was higher in the biopsy group before and after the drop in progesterone level. The maximum mean concentration observed was not different between the groups; however, the mean minimum concentration was different with high values in the biopsy group. Although the PGFM concentrations were higher in the biopsy group, the biopsy and control groups had similar length of estrous cycle showing that repeated endometrial biopsy on the side contralateral to the ovary with corpus luteum does not affect luteolysis and the length of the estrous cycle.<br/><br/><br/>Keywords: endometrium; bovine; 13, 14-dihydro-15-keto prostaglandin F2-alpha; progesteronic phase; corpus luteum |
| 520 ## - NOTA DE RESUMO | |
| Nota de conteúdo | <br/><br/><br/>RESUMO - No presente estudo, foram coletadas amostras endometriais de 14 vacas Nelore nos dias zero (dia da ovulação), cinco, nove, 13 e 19 do ciclo estral (grupo controle), e em 15 fêmeas essas coletas não foram realizadas (grupo controle). As biópsias foram realizadas no corno uterino contralateral ao ovário contendo o corpo lúteo. Amostras plasmáticas foram coletadas nos momentos -24, -16, -8, 0 +8, +16 e +24 horas em relação à queda de progesterona (<1ng/mL, momento zero) e avaliadas quanto à concentração de 13, 14-dihidro-15-ceto prostaglandina F2-alpha (PGFM) por radioimunoensaio (RIA). As concentrações plasmáticas de progesterona foram avaliadas a cada 24 horas também por RIA. Os dados foram analisados por ANOVA empregando-se PROC GLM e MIXED do SAS. O valor médio de PGFM durante todo o período avaliado foi maior no grupo biópsia. A concentração média de PGFM no momento zero não diferiu entre os grupos, e foi maior no grupo biópsia antes e após a queda de progesterona. A concentração máxima observada não foi diferente entre os grupos, porém a concentração mínima diferiu com maiores valores observados no grupo biópsia. Embora as concentrações de PGFM fossem maior no grupo biópsia, ambos os grupos apresentaram o mesmo comprimento do ciclo estral, demonstrando que a coleta repetitiva de biópsias endometriais no corno uterino contraletral ao ovário contendo o corpo lúteo não afeta a luteólise e o comprimento do ciclo estral.<br/><br/><br/>Palavras-chave: endométrio, bovino, 13, 14-di-hidro-15-ceto prostaglandina F2-alpha, fase progesterônica, corpo lúteo |
| 650 ## - ASSUNTO - THESAGRO | |
| Cabeçalho tópico ou nome geográfico | GADO NELORE |
| 650 ## - ASSUNTO - THESAGRO | |
| Cabeçalho tópico ou nome geográfico | CICLO ESTRAL |
| 650 ## - ASSUNTO - THESAGRO | |
| Cabeçalho tópico ou nome geográfico | PROGESTERONA |
| 650 ## - ASSUNTO - THESAGRO | |
| Cabeçalho tópico ou nome geográfico | CORPO LÚTEO |
| 650 ## - ASSUNTO - THESAGRO | |
| Cabeçalho tópico ou nome geográfico | BIOQUÍMICA |
| 650 ## - ASSUNTO - THESAGRO | |
| Cabeçalho tópico ou nome geográfico | REPRODUÇÃO ANIMAL |
| 773 0# - ENTRADA ANALÍTICA | |
| Host Biblionumber | 1643 |
| Registro do item | 315896 |
| Imprenta | Belo Horizonte-MG Universidade Federal de Minas Gerais - Escola de Veterinaria 1983 |
| Outro identificador | 2024-2261 |
| Título | Arquivo Brasileiro de Medicina Veterinária e Zootecnia (Brazil) |
| ISSN | 0102-0935 |
| Colação | v. 67(5) p. 1210-1216; (2015) |
| Número de controle de registro | BR2024003987 |
| 856 ## - ACESSO E ENDEREÇO ELETRÔNICO | |
| Identificador uniforme de recurso - URI | https://www.scielo.br/j/abmvz/a/ZtKBTrNJrLW7P35P9mNt6fD/?format=pdf&lang=en |
Nenhum exemplar disponível.

BINAGRI